| 000 | 00924nam a2200229Ii 4500 | ||
|---|---|---|---|
| 003 | JO-AjNU | ||
| 008 | 230605s9999||||xx |||||||||||||| ||und|| | ||
| 017 | _a2011/7/3520 | ||
| 020 | _a978-995706-775-5 | ||
| 040 |
_aJO-AjNU _bara _erda _cJO-AjNU |
||
| 041 | _aara | ||
| 050 | 1 | 4 | _aHD38.5.Z835 2012 |
| 100 | 3 |
_aالزعبي، علي فلاح؛ م. مشارك زكريا أحمد عزام, _eauthor _959260 |
|
| 245 | 0 | 0 | _aإدارة الاعمال اللوجستية: (مدخل التوزيع والإمداد)=Management of Business Logistics |
| 250 | _aط1 | ||
| 264 | 3 | 1 | _aعمان: دار المسيرة للنشر والتوزيع، 2012 |
| 300 |
_a360ص _bيحتوي على ملاحق من ص347- 353 ويحتوي على مراجع من ص355- 360 |
||
| 336 |
_atext _btxt _2rdacontent |
||
| 337 |
_aunmediated _bn _2rdamedia |
||
| 338 |
_avolume _bnc _2rdacarrier |
||
| 650 | 4 |
_aادارة الاعمال _959261 |
|
| 999 |
_aA26658 _c30226 _d30226 |
||